Cadena agroalimentaria de la carne bovina en Chile

Gespeichert in:
Bibliographische Detailangaben
Körperschaft: Ministerio de Agricultura (VerfasserIn)
Format: Buch
Sprache:Spanisch
Veröffentlicht: Santiago Fundación Chile 2000
Schriftenreihe:Cadenas Agroalimentarias
Schlagworte:
Tags: Tag hinzufügen
Keine Tags, Fügen Sie den ersten Tag hinzu!

MARC

LEADER 00000nam a2200000 a 4500
001 UCN8890
003 CL-VaPUC
008 011123e20000300CL |||||||||||||||||spa|d
082 0 4 |a 636.2  |b MIN  |2 21 
110 2 |a Ministerio de Agricultura  |e author  |9 465463 
245 1 0 |a Cadena agroalimentaria de la carne bovina en Chile 
300 |a 86 p 
942 |c BK 
945 |d 20011123 00:00:00  |a vberengu 
260 |a Santiago  |b Fundación Chile  |c 2000 
650 7 |a PRODUCCION ANIMAL  |2 CL-VaPUC  |9 465464 
650 0 |a Carne de vacuno  |9 366071 
651 7 |a CHILE  |2 CL-VaPUC  |9 465465 
583 |a last modification  |c 20180123 04:34:01  |k Rodrigo Vera 
490 0 |a Cadenas Agroalimentarias 
999 |c 298626  |d 298624 
952 |0 0  |1 0  |4 0  |6 636_200000000000000_MIN_2000  |7 0  |8 A  |9 354345  |a BIBAGR  |b BIBAGR  |d 2019-11-21  |i 367570K  |o 636.2 MIN 2000  |p 367570K  |r 2025-01-20  |w 2019-11-21  |y BK  |k AGR 
952 |0 0  |1 0  |4 0  |6 636_200000000000000_MIN_2000  |7 0  |8 A  |9 354346  |a BIBAGR  |b BIBAGR  |d 2019-11-21  |i 368170K  |o 636.2 MIN 2000  |p 368170K  |r 2025-01-20  |w 2019-11-21  |y BK  |k AGR